Statystyki dla Stany USA mające dostęp do oceanu.

Kliknij tutaj aby rozwiązać quiz!

Ogólne statystyki

  • Ten quiz został rozwiązany 59 razy
    (48 od ostatniego zresetowania)
  • Średni wynik to 18 z 23

Statystyki odpowiedzi

Odpowiedź% Poprawnych
3.Kalifornia
98%
8.Floryda
95%
4.Teksas
95%
1.Waszyngton
93%
16.Nowy Jork
91%
22.Alaska
86%
5.Luizjana
86%
23.Hawaje
84%
10.Karolina Północna
84%
11.Karolina Południowa
84%
21.Maine
81%
2.Oregon
81%
18.Rhode Island
81%
7.Alabama
77%
9.Georgia
77%
15.New Jersey
74%
12.Wirginia
74%
17.Connecticut
72%
19.Massachusetts
72%
14.Delaware
70%
6.Missisipi
67%
13.Maryland
65%
20.New Hampshire
58%

Rozkład punktacji

Percentyl według liczby udzielonych odpowiedzi

Procent ludzi z każdym wynikiem

Twoja historia wyników

Nie rozwiązałeś tego quizu od ostatniego zresetowania